Score 0/40 Timer 07:00
0 Plays Today
Clue 'UI' % Correct
Amniotic ____fluid
81.9%
Jimi Hendrix's expertiseguitar
80.2%
'Off with his head!' deviceguillotine
78.1%
Breakfast drinkjuice
76.1%
He played Jerry MaguireTom Cruise
75.8%
It may be added to your restaurant billgratuity
74.1%
Arctic people groupInuit
73.3%
Tuxedo birdpenguin
73.3%
World records groupGuinness
72.7%
Contusionbruise
68.1%
Tempting food in the Garden of Edenfruit
67.7%
Board game with wedgesTrivial Pursuit
67.5%
Pixar film set in a kitchenRatatouille
66.4%
Ancient Celtic priestdruid
65.8%
Gland in the brainpituitary
65%
Member of the Society of Jesus
(Pope Francis is one)
Jesuit
63.5%
Paranormal board gameOuija board
62.8%
Lancelot's loverGuinevere
60.4%
Religion with a caste systemHinduism
60.1%
Cause of death for Romeo and Julietsuicide
59.6%
Clue 'UI' % Correct
Digestive or dog treatbiscuit
59.3%
This state has parishes instead of countiesLouisiana
58.8%
Deceptive costumedisguise
58%
New guy in the militaryrecruit
58%
UCLA playerBruin
57%
Culpableguilty
56.8%
Put out a fireextinguish
56.5%
Tube for water flow or for electrical wiresconduit
56%
Regular tour for a traveling judge
or preacher
circuit
53.8%
Cinq + troishuit
52.7%
GM brandBuick
52.3%
Aloha destinationMaui
52.1%
School moneytuition
49.8%
A dispute taken to courtlawsuit
49.6%
Elite NYC performing arts schoolJuilliard
47.6%
Broth cubebouillon
44.6%
Realgenuine
40.1%
Desert dwelling peopleBedouin
35.5%
Style of cooking cuisine
34.4%
Annoyance or pestnuisance
33.6%
Remove Ads.
Support Sporcle.
Get the best of Sporcle when you Go Orange. This ad-free experience offers more features, more stats, and more fun while also helping to support Sporcle. Thank you for becoming a member.

You're not logged in!

Compare scores with friends on all Sporcle quizzes.
OR
Log In

Sporcle TV

Today on Sporcle TV


Watch our educational content, quiz creation guides, and fun videos on Sporcle TV.

Show Comments

Extras

Top Quizzes Today


Score Distribution

Paid Content

Your Account Isn't Verified!

In order to create a playlist on Sporcle, you need to verify the email address you used during registration. Go to your Sporcle Settings to finish the process.

Report this User

Report this user for behavior that violates our Community Guidelines.

Details: